| 000 | 00678cam a2200193 a 4500 | ||
|---|---|---|---|
| 040 | _cHWE | ||
| 041 | 1 | _hjpn | |
| 082 | 0 | 0 | _a331 INT 2005 A089 Or. |
| 100 | 1 | _aGenda, Yƫji, | |
| 245 | 1 | 2 |
_aA nagging sense of job insecurity : _bthe new reality facing Japanese youth / |
| 250 | _a1st English ed. | ||
| 260 |
_aTokyo, Japan : _bInternational House of Japan, _c2005 |
||
| 300 |
_axii, 203 p. : _bill. ; _c24 cm. |
||
| 500 | _aThis book was originally published in 2001 by Chuokoron-Shinsha, Inc., under the title "Shigoto no Naka no Aimai no Fuan" | ||
| 650 | 0 | _aYouth | |
| 700 | 1 | _aHoff, Jean. | |
| 856 | 4 | 1 | _uhttp://www.loc.gov/catdir/toc/fy0606/2006360515.html |
| 942 | _cEK | ||
| 999 |
_c16310 _d16310 |
||